Name this italian words - Statistics

General Stats
  • This quiz has been taken 67 times
  • The average score is 7 of 12
Answer Stats
Hint Answer % Correct
Gatto Cat
94%
Automobile Car
91%
Cane Dog
91%
Libro Book
84%
Giallo Yellow
69%
Grasso Fat
66%
Alto Tall
66%
Parola Word
64%
Genio Genius
42%
Fatto Made
16%
Libreria Bookshelf
9%
Ragnatela Cobweb
8%
No matching quizzes found
Score Distribution
Percent of People with Each Score
Percentile by Number Answered
Your Score History
You have not taken this quiz